Statistiques concernant Personnages du Comte de Monte-Cristo

Cliquez ici pour prendre le quiz!

Statistiques générales

  • Ce quiz a été pris 43 fois
  • Le résultat moyen est 8 sur 20

Statistiques - réponses

DescriptionNom% Correct
1 - Le Comte de Monte-CristoEdmond Dantès
98%
2 - Fiancée du #1, puis épouse du #3Mercédès Herrera, Comtesse de Morcerf
85%
8 - Prisonnier du château d'If, mentor du #1Abbé Faria
58%
4 - Banquier, a écrit la lettre incriminant #1Baron Danglars
50%
3 - Époux de la #2, a posté la lettre incriminant #1Fernand Mondego, Comte de Morcerf
50%
6 - Témoin du complot de #3 et #4, AubergisteGaspard Caderousse
48%
7 - Patron de #1 avant son arrestationPierre Morrel
48%
5 - Procureur du roi, a envoyé #1 au château d'IfGérard de Villefort
43%
13 - Célèbre bandit Italien, ami du #1Luigi Vampa
40%
9 - Fils du #7, ami du #1Maximilien Morrel
40%
19 - Père du #5, destinataire de la lettre de l'EmpereurNoirtier de Villefort
33%
11 - Fils de la #2 et du #3Vicomte Albert de Morcerf
33%
10 - Fidèle serviteur du #1, père adoptif du #14Bertuccio
25%
12 - Fiancé de la #15, ami du #11Baron Franz d'Épinay
23%
16 - Esclave et amante du #1Princesse Haydée
20%
14 - Fils du #5 et de la #17, compagnon de bagne du #6Benedetto, alias Prince Andrea Cavalcanti
18%
20 - Fiancée du #14, fille du #4Eugénie Danglars
18%
15 - Amante du #9, fille du #5Valentine de Villefort
15%
17 - Épouse du #4, ancienne amante du #5Baronne hermine Danglars
13%
18 - Épouse du #5, empoisonneuseHéloïse de Villefort
10%

Distribution des résultats

Percentile par nombre de réponses

% des personnes avec chaque résultat

Votre développement - résultats

Vous n’avez pas pris ce quiz